[Event "BCF-ch U12 rapid"]
[Site "Hull"]
[Date "2024.07.27"]
[Round "9"]
[White "Singh, Avyanna"]
[Black "Fernandez, Andreas"]
[Result "1-0"]
[WhiteElo "1594"]
[BlackElo "732"]
[PlyCount "67"]
[EventDate "2024.07.26"]
[EventType "swiss (rapid)"]
[EventRounds "9"]
[EventCountry "ENG"]
[SourceTitle "CBM 221 Extra"]
[Source "ChessBase"]
[SourceDate "2024.09.30"]
[SourceVersion "1"]
[SourceVersionDate "2024.09.30"]
[SourceQuality "1"]

1. e4 e5 2. Nf3 Nc6 3. d4 f6 4. Bc4 Bd6 5. Nc3 Nge7 6. Be3 b6 7. a3 Rb8 8. Qd2 Bb7 9. h3 a6 10. Ba2 b5 11. b4 Ra8 12. 0-0 a5 13. Nxb5 axb4 14. Nxd6+ cxd6 15. axb4 Rb8 16. d5 Na7 17. Bxa7 Ra8 18. Be3 Qc8 19. Bb3 Rb8 20. Rfc1 Qc7 21. c4 Rc8 22. c5 dxc5 23. d6 Qd8 24. dxe7 Qxe7 25. Bxc5 Qd8 26. Qd3 Qc7 27. Nd2 Rd8 28. Nc4 Rc8 29. Nd6+ Kd8 30. Nxc8 Qxc8 31. Bb6+ Ke8 32. Rxc8+ Ke7 33. Bc5+ d6 34. Qxd6# 1-0

[Event "BCF-ch U12 rapid"]
[Site "Hull"]
[Date "2024.07.26"]
[Round "6"]
[White "Fernandez, Andreas"]
[Black "Ren, Jason"]
[Result "0-1"]
[WhiteElo "732"]
[BlackElo "1413"]
[PlyCount "88"]
[EventDate "2024.07.26"]
[EventType "swiss (rapid)"]
[EventRounds "9"]
[EventCountry "ENG"]
[SourceTitle "CBM 221 Extra"]
[Source "ChessBase"]
[SourceDate "2024.09.30"]
[SourceVersion "1"]
[SourceVersionDate "2024.09.30"]
[SourceQuality "1"]

1. e4 e6 2. Nf3 d5 3. d3 dxe4 4. dxe4 Qxd1+ 5. Kxd1 Bc5 6. Bc4 Nc6 7. Rf1 Nf6 8. Nc3 Ng4 9. h3 Nf6 10. Bf4 Bb6 11. Bb5 Bd7 12. Re1 0-0-0 13. Ke2 Nd4+ 14. Nxd4 Bxd4 15. Bxd7+ Rxd7 16. Rad1 e5 17. Bg5 Bxc3 18. bxc3 Nxe4 19. Bd2 Nxd2 20. Rxd2 Rxd2+ 21. Kxd2 Rd8+ 22. Ke2 f6 23. Rd1 Rxd1 24. Kxd1 Kd7 25. g3 Kc6 26. Kd2 Kd5 27. Ke3 f5 28. g4 f4+ 29. Kd3 e4+ 30. Kd2 g5 31. a3 Kc4 32. a4 a5 33. Ke2 Kxc3 34. f3 e3 35. Kd1 Kb4 36. Ke2 Kxa4 37. Kd3 Kb5 38. c4+ Kc5 39. Kc3 h6 40. Kd3 a4 41. Kc3 a3 42. Kb3 e2 43. Kxa3 e1Q 44. Ka4 Qb4# 0-1